Les clubs vainqueurs de la Coupe d'Europe des vainqueurs de coupes - Statistiques

Statistiques générales
  • Ce quiz a été pris 80 fois
  • Le résultat moyen est 28 sur 39
Statistiques - réponses
Année Club Pays % Correct
1973 AC Milan Italie
94%
1968 AC Milan Italie
94%
1997 FC Barcelone Espagne
94%
1989 FC Barcelone Espagne
94%
1982 FC Barcelone Espagne
94%
1979 FC Barcelone Espagne
94%
1984 Juventus FC Itlaie
92%
1998 Chelsea FC Angleterre
90%
1971 Chelsea FC Angleterre
90%
1967 Bayern Munich Allemagne
87%
1991 Manchester United Angleterre
87%
1987 Ajax Amsterdam Pays-Bas
86%
1996 Paris Saint-Germain France
86%
1972 Rangers FC Ecosse
84%
1966 Borussia Dortmund Allemagne
83%
1999 Lazio Rome Italie
83%
1986 Dynamo Kiev Ukraine
78%
1975 Dynamo Kiev Ukraine
78%
1978 RSC Anderlecht Belgique
78%
1976 RSC Anderlecht Belgique
78%
1994 Arsenal Angleterre
75%
1964 Sporting Club Portugal Portugal
73%
1970 Manchester City Angleterre
71%
1977 Hambourg SV Allemagne
67%
1980 Valencia CF Espagne
67%
1961 ACF Fiorentina Italie
65%
1962 ACF Firoentina Italie
65%
1993 Parma Calcio Italie
65%
1963 Tottenham Hotspur Angleterre
59%
1969 ŠK Slovan Bratislava Slovaquie
56%
1981 Dinamo Tbilissi Géorgie
52%
1992 Werder Brême Allemagne
51%
1990 UC Sampdoria Italie
49%
1983 Aberdeen FC Ecosse
48%
1985 Everton FC Anlgeterre
46%
1965 West Ham United Anlgeterre
40%
1988 KV Mechelen Belgique
35%
1995 Real Saragosse Espagne
33%
1974 1. FC Magdebourg Allemagne
13%
Aucun quiz correspondant
Distribution des résultats
% des personnes avec chaque résultat
Percentile par nombre de réponses
Votre historique - résultats
Vous n’avez pas pris ce quiz